Michael Bisping - UFC Opponents - Statistics

General Stats
  • This quiz has been taken 22 times
  • The average score is 10 of 29
Answer Stats
Date W/L/D Opponent % Correct
04/06/16 WIN - KO - R1 [C] Luke Rockhold
100%
07/11/14 LOSS - SUB - R2 Luke Rockhold
100%
27/02/16 WIN - U/DEC - R5 Anderson Silva
95%
01/11/17 LOSS - SUB - R3 [C] Georges St-Pierre
95%
20/02/10 LOSS - U/DEC - R3 Wanderlei Silva
86%
08/10/16 WIN - U/DEC - R5 [C] Dan Henderson
77%
11/07/09 LOSS - KO - R2 Dan Henderson
77%
25/11/17 LOSS - KO - R1 Kelvin Gastelum
77%
28/01/12 LOSS - U/DEC - R3 Chael Sonnen
59%
19/01/13 LOSS - KO - R2 Vitor Belfort
59%
17/11/07 LOSS - S/DEC - R3 Rashad Evans
32%
23/08/14 WIN - KO - R4 Cung Le
27%
25/04/15 WIN - U/DEC - R3 CB Dollaway
18%
08/09/07 WIN - S/DEC - R3 Matt Hamill
18%
18/07/15 WIN - S/DEC - R5 Thales Leites
18%
29/05/10 WIN - U/DEC - R3 Dan Miller
14%
03/12/11 WIN - TKO - R3 Jason Miller
14%
16/04/14 LOSS - U/DEC - R5 Tim Kennedy
14%
22/09/12 WIN - U/DEC - R3 Brian Stann
9%
18/10/08 WIN - U/DEC - R3 Chris Leben
9%
17/04/13 WIN - U/DEC - R3 Alan Belcher
5%
26/02/11 WIN - TKO - R2 Jorge Rivera
5%
19/04/08 WIN - TKO - R1 Charles McCarthy
0%
14/11/09 WIN - TKO - R2 Denis Kang
0%
21/04/07 WIN - TKO - R2 Elvis Sinosic
0%
30/11/06 WIN - TKO - R1 Eric Schafer
0%
07/06/08 WIN - TKO - R1 Jason Day
0%
24/06/06 WIN - TKO - R2 Josh Haynes
0%
16/10/10 WIN - U/DEC - R3 Yoshihiro Akiyama
0%
No matching quizzes found
Score Distribution
Percent of People with Each Score
Percentile by Number Answered
Your Score History
You have not taken this quiz